000 00770nam a2200253Ia 4500
003 OSt
005 20220918212358.0
006 a|||||r|||| 00| 0
007 ta
008 220917b |||||||| |||| 00| 0 eng d
024 _a128,723
037 _cTextual
040 _aARTS
_cARTS
_beng
041 _2eng
_aeng
082 _aX:3.1=w1, L7
100 _aHorowitz Irving Louis ed
245 0 _aEquity, income and policy
_b comparative studies in three worlds of development
260 _aNew York
_bPraeger Pub
_c1977
300 _axviii,298p.
_ccm.
490 _aPraeger special studies in international politics and Government
650 _aECONOMICS
942 _hX:3.1=w1, L7
_cTEXL
_2CC
999 _c251857
_d251857